Electrical Units of Measurement - Statistics

General Stats
  • This quiz has been taken 381 times
  • The average score is 10 of 15
Answer Stats
Hint Answer % Correct
Voltage volt
98%
Resistance ohm
97%
Current ampere
96%
Power watt
91%
Frequency hertz
85%
Voltage / Current = resistance
69%
Current x Resistance = voltage
68%
Energy joule
67%
Capacitance farad
66%
Voltage x Current = power
66%
Inductance henry
53%
Electric Charge coulomb
51%
Magnetic Field tesla
44%
Conductance siemens
33%
Magnetic Flux weber
24%
No matching quizzes found
Score Distribution
Percent of People with Each Score
Percentile by Number Answered
Your Score History
You have not taken this quiz